书目信息 |
| 题名: |
无所畏惧
|
|
| 作者: | 孔茨 著 ;陈余德 , 彭智灵 译 | |
| 分册: | ||
| 出版信息: | 上海 上海译文出版社 2008.01 |
|
| 页数: | 425页 | |
| 开本: | 21cm | |
| 丛书名: | ||
| 单 册: | ||
| 中图分类: | I712.45 | |
| 科图分类: | ||
| 主题词: | 长篇小说--chang pian xiao shuo--美国--现代 | |
| 电子资源: | ||
| ISBN: | 978-7-5327-4319-3 | |
| 000 | 01092nam0 2200265 450 | |
| 001 | 012009355654 | |
| 005 | 20090429113037.01 | |
| 010 | @a978-7-5327-4319-3@dCNY26.00 | |
| 100 | @a20090429d2008 em y0chi0120 ea | |
| 101 | 1 | @achi@ceng |
| 102 | @aCN@b310000 | |
| 105 | @ay z 000ay | |
| 106 | @ar | |
| 200 | 1 | @a无所畏惧@Awu suo wei ju@d= Fear nothing@f(美) 迪恩·孔茨著@F(mei)di en·kong ci zhu@g陈余德, 彭智灵译@Gchen yu de,peng zhi ling yi@zeng |
| 210 | @a上海@c上海译文出版社@d2008.01 | |
| 215 | @a425页@d21cm | |
| 330 | @a本书是一本现代推理小说。内容叙述斯诺是个XP症患者,见不得亮光,因此白天难以出门,但却有惊人的夜间活动的能力。一天夜里医院打来电话,告知他父亲病危。当他赶到医院时,父亲已去世,他随即护送遗体到太平间,却意外地发现, 有人将他父亲的遗体调了包。 | |
| 500 | 10 | @aFear nothing@mChinese |
| 606 | 0 | @a长篇小说@Achang pian xiao shuo@y美国@z现代 |
| 690 | @aI712.45@v4 | |
| 701 | 1 | @a孔茨@Akong ci@g(Koontz, D.)@4著 |
| 702 | 0 | @a陈余德@Achen yu de@4译 |
| 702 | 0 | @a彭智灵@Apeng zhi ling@4译 |
| 801 | 0 | @aCN@bQSSK@c20090429 |
| 905 | @b739242-44@dI712.45@eK743@f3 | |
| 无所畏惧= Fear nothing/(美) 迪恩·孔茨著/陈余德, 彭智灵译.-上海:上海译文出版社,2008.01 |
| 425页;21cm |
| ISBN 978-7-5327-4319-3:CNY26.00 |
| 本书是一本现代推理小说。内容叙述斯诺是个XP症患者,见不得亮光,因此白天难以出门,但却有惊人的夜间活动的能力。一天夜里医院打来电话,告知他父亲病危。当他赶到医院时,父亲已去世,他随即护送遗体到太平间,却意外地发现, 有人将他父亲的遗体调了包。 |
| ● |
| 相关链接 |
|
|
|
正题名:无所畏惧
索取号:I712.45/K743
 
预约/预借
| 序号 | 登录号 | 条形码 | 馆藏地/架位号 | 状态 | 备注 |
| 1 | 739242 | 207392427 | 文学库116/116文学库 27排6列2层/ [索取号:I712.45/K743] | 在馆 | |
| 2 | 739243 | 207392436 | 文学库116/116文学库 27排6列2层/ [索取号:I712.45/K743] | 在馆 | |
| 3 | 739244 | 207392445 | 社科二线422/422社科库 32排3列3层/ [索取号:I712.45/K743] | 在馆 |